04840nam a2200325 a 4500003000500000005001700005008004100022020002200063040001800085041002300103082002600126245009500152250001600247260006300263264004900326300005100375336002700426337002700453338002800480490003900508504005200547505275000599520097703349534002304326650003104349650003004380650001804410700004404428700004204472CHAP20260317140547.0250924s2012 mx adk r 000 0 spa d a978-968-7462-48-6 cCHAPerdaaPA aspabspafspahspa aPA 581.13 b.N88 2012 aNutrición de cultivos /ccoordinadores Gabriel Alcántar González, Libia Trejo Tellez aReedición aMéxico :b Colegio de Postgraduados :b Mundi Prensa aMéxico :bColegio de Postgraduados, c2012 a451 p.bIlustraciones, gráficas, formularios 2rdacontentatextobtxt 2rdamediaasin mediobn 2rdacarrieravolumenbnc1 aBiblioteca básica de agricultura aIncluye referencias bibliográficas e índice aPrólogo: Notas aclaratorias.-- 1. Introducción.-- 1.1. Desarrollo histórico en el mundo.-- 1.2. Desarrollo histórico en México.-- 1.3. Bibliografía.-- 2. Elementos esenciales.-- 2.1. Contenido de agua y nutrimentos en el tejido vegetal.-- 2.2. Criterios establecidos para definir a un elemento como esencial (Criterios de esencialidad de Arnon y Stout).-- 2.3. Clasificación de los nutrimentos.-- 2.4. Funciones de los nutrimentos en las plantas.-- 2.5. Niveles de abastecimiento nutrimental.-- 2.6. Bibliografía.-- 3. Elementos benéficos.-- 3.1. Sodio (Na).-- 3.2. Silicio (Si).-- 3.3. Cobalto (Co).-- 3.4. Aluminio (Al).-- 3.5. Selenio (Se).-- 3.6. Yodo (I).-- 3.7. Vanadio (V).-- 3.8. Bibliografía.-- 4. El suelo como medio natural en la nutrición de los cultivos.-- 4.1. Introducción.-- 4.2. Nitrógeno.-- 4.3. Fósforo.-- 4.4. Potasio.-- 4.5. Calcio.-- 4.6. Magnesio.-- 4.7. Azufre.-- 4.8. Hierre.-- 4.9. Zic.-- 4.10. Cobre.-- 4.11. Manganeso.-- 4.12. Boro.-- 4.13. Molibdeno.-- 4.14. Cloro.-- 4.15. Níquel.-- 4.16. Bibliografía.-- 5. Acceso, absorción y transporte nutrimental.-- 5.1. Acceso nutrimental.-- 5.2. Absorción nutrimental.-- 5.3. Transporte nutrimental.-- 5.4. Bibliografía.-- 6. Diagnóstico nutrimental en plantas.-- 6.1. Introducción.-- 6.2. Diagnóstico visual.-- 6.3. Diagnóstico químico.-- 6.4. Diagnóstico funcional.-- 6.5. Bibliografía.-- 7. Diagnóstico de la fertilidad del suelo.-- 7.1. Introducción 7.2. Muestreo de suelos para estudios de fertilidad.-- 7.3. Análisis químico de suelos.-- 7.4. Recomendaciones de fertilización.-- 7.5. Bibliografía.-- 8. Corrección de deficiencias nutrimentales en el suelo.-- 8.1. Introducción.-- 8.2. Fertilizantes nitrogenados.-- 8.3. Fertilizantes Fosfatados.-- 8.4. Fertilizantes fosfatados.-- 8.5. Proveedores de nutrimentos secundarios.-- 8.6. Corrección de deficiencias de micronutrimentos en el suelo.-- 8.7. Bibliografía.-- 9. Fertilización foliar.-- 9.1. La hoja como órgano de absorción.-- 9.2.Morfología de la hoja.-- 9.3. Anatomía de la lámina foliar.-- 9.4 Rutas y mecanismos de penetración foliar.-- 9.5. Factores que afectan la absorción foliar.-- 9.6. Algunas aplicaciones de la fertilización foliar.-- 9.7. Limitaciones de la fertilización foliar.-- Bibliografía.-- 10. Principios de la hidroponía y del fertirriego.-- 10.1. Desarrollo de la hidroponía en México.-- 10.2. Retrospectiva de los cultivos hidropónicos.-- 10.3. Cultivos hidropónicos.-- 10.4. Principales sistemas hidropónicos.-- 10.5. Fertirriego por goteo.-- 10.6. Situación actual, problemática y tendencias futuras.-- 10.7. Bibliografía.-- 11. Apéndice a color.-- Acerca de los autores. aLa producción de cultivos es un proceso directamente relacionado con la nutrición vegetal y la fertilidad de los suelos, cuando otros factores que la afectan son favorables y razonablemente constantes en el sistema de producción. Este libro de nutrición vegetal expone temas que permiten al lector comprender, en 10 capítulos escritos por diversos especialistas, desde los conceptos fundamentales de los elementos esenciales y benéficos hasta el diagnóstico nutrimental de la planta y del suelo, pasando por la dinámica de los nutrimentos en el suelo, los mecanismos de acceso, y sus formas de absorción y transporte en la planta. La obra incluye dos apartados referentes a los procedimientos de corrección de deficiencias nutrimentales mediante la aplicación de fertilizantes al suelo y al follaje, y finaliza con una descripción básica de la hidroponía y el fertirriego, temas para cuyo dominio se requeriría otro volumen de igual amplitud. pTítulo original: aCultivos x mejoramiento  aCultivos x rendimiento  aFertilizantes aAlcántar González, Gabriel, coord. 1 aTrejo Téllez, Libia I.ecoordinador